000
00308nam a2200109Ia 4500
008
220214s9999 xx 000 0 und d
100
_a
Rossetti AG
_c
etal
245
0
_a
Sampling on the rubber tree nursery experimentation
260
_b
Pesquisa Agropecuaria Brasileira
_c
1986
300
_a
837-841
942
_c
RE
999
_c
45796
_d
45796